LIBRARY & INFORMATION CENTRE, KCAET, TAVANUR

ONLINE PUBLIC ACCESS CATALOGUE (OPAC)

Water conservation and utilizatin in agriculture production (Record no. 13722)

MARC details
000 -LEADER
fixed length control field 00349nam a22001337a 4500
020 ## - INTERNATIONAL STANDARD BOOK NUMBER
ISBN 9798189304781
082 ## - DEWEY DECIMAL CLASSIFICATION NUMBER
Classification number 631.45
Item number SAI/WA
100 ## - MAIN ENTRY--AUTHOR NAME
Personal name Saini, N.K
245 ## - TITLE STATEMENT
Title Water conservation and utilizatin in agriculture production
260 ## - PUBLICATION, DISTRIBUTION, ETC. (IMPRINT)
Place of publication Delhi
Name of publisher Satish Serial Publishing House
Year of publication 2010
300 ## - PHYSICAL DESCRIPTION
Number of Pages 450
700 ## - ADDED ENTRY--PERSONAL NAME
Personal name Subash Chandra
942 ## - ADDED ENTRY ELEMENTS (KOHA)
Koha item type Books
Holdings
Withdrawn status Lost status Damaged status Collection code Home library Current library Shelving location Date acquired Source of acquisition Cost, normal purchase price Full call number Accession Number Koha item type
      Non-fiction KAUAET KAUAET General Stacks 31/03/2012 International Books and periodical supply service, New Delhi 2450.00 631.45 SAI/WA 23435 Books
free website counter